000 00323nam a22001457a 4500
008 210518b ||||| |||| 00| 0 eng d
020 _a9780323052900
041 _aeng
080 _28th
_a038
082 _a038
100 _a23
101 _aFJA
245 _aMosby's Medical Dictionary
_cBetty Ackley
942 _2udc
_cBK
999 _c57381
_d57381